ბათუმის შოთა რუსთაველის სახელმწიფო უნივერსიტეტის ბიბლიოთეკა

ტექნიკური თერმოდინამიკის ამოცანათა კრებული. ნაწ. 2. : ორთქლის თერმოდინამიკა / (ბიბ.ჩანაწერი № 38821)

000 -ლიდერი
ფიქსირებული სიგრძის საკონტროლო ველი 01069nam a2200229Ia 4500
001 - საკონტროლო ნომერი
საკონტროლო ველი 5223
003 - საკონტროლო ნომრის იდენტიფიკატორი
საკონტროლო ველი GE_BSU
005 - ბოლო ოპერაციის თარიღი და დრო
საკონტროლო ველი 20190607210517.0
008 - ფიქსირებული სიგრძის მონაცემთა ელემენტები - ზოგადი ინფორმაცია
ფიქსირებული სიგრძის საკონტროლო ველი 181216s1963||||ge |||||||||||||| ||geo||
040 ## - კატალოგიზაციის წყარო
Transcribing agency GE_BSU
041 ## - ენის კოდი
Language code of text/sound track or separate title geo
080 ## - უნივერსალური ათობითი კლასიფიკაციის ინდექსი
Universal Decimal Classification number 621.1(076.1)+536.422 ხ-52
100 ## - მთავარი ჩანაწერი - პიროვნების სახელი
Personal name ხიდაშელი, ალ.
9 (RLIN) 2305
245 ## - ცნობა სათაურის შესახებ
Title ტექნიკური თერმოდინამიკის ამოცანათა კრებული. ნაწ. 2. : ორთქლის თერმოდინამიკა /
Statement of responsibility, etc ალ. ხიდაშელი ; რედ : ი. აროსია.
264 ## - წარმოების, გამოცემის, დისტრიბუციის და სხვა ცნობები
გამოცემის, წარმოების, დისტრიბუციის... ადგილი თბილისი :
გამოცემის, წარმოების, დისტრიბუციის... სახელწოდება ცოდნა,
გამოცემის, წარმოების, დისტრიბუციის... თარიღი 1963.
300 ## - ფიზიკური აღწერა
Extent 218 გვ .:
Dimensions 22 სმ.
500 ## - ზოგადი შენიშვნა
General note დანართი გვ.191-217.
504 ## - BIBLIOGRAPHY, ETC. NOTE
Bibliography, etc ბიბლიოგრ.:გვ.218
653 ## - INDEX TERM--UNCONTROLLED
Uncontrolled term ტექნიკური თერმოდინამიკის ამოცანათა კრებული
700 ## - ADDED ENTRY--PERSONAL NAME
Personal name აროსია, ი
Relator term რედაქტორი
9 (RLIN) 2306
942 ## - ADDED ENTRY ELEMENTS (KOHA)
Koha item type წიგნი
Source of classification or shelving scheme
ეგზემპლარები
ჩამოწერის სტატუსი დაკარგული ეგზემპლარის სტატუსი კლასიფიკაციის წყარო ან თაროზე გაწყობის სქემა დაზიანების სტატუსი არ გაიცემა მუდმივი მდებარეობა (დაცვის ადგილი) ამჟამინდელი ადგილსამყოფელი თაროზე განთავსების ადგილი შეძენის თარიღი ღირებულება, შესყიდვის ნორმალური ფასი სრული შენახვის შიფრი შტრიხკოდი ბოლო ოპერაციის თარიღი ეგზემპლარის მიმდევრობითი ნომერი (კეტერი?) ფასის ძალაში შესვლის თარიღი ეგზემპლარის სახეობა საჯარო შენიშვნა
          ტექნოლოგიური ფაკულტეტის ბიბლიოთეკა ტექნოლოგიური ფაკულტეტის ბიბლიოთეკა წიგნსაცავი 2018-12-17 1.00 621.1(076.1)+536.422 ხ-52 10642 2018-12-17 10642 2018-12-17 წიგნი 1 ლ. 20 თ.
          ტექნოლოგიური ფაკულტეტის ბიბლიოთეკა ტექნოლოგიური ფაკულტეტის ბიბლიოთეკა წიგნსაცავი 2018-12-17 1.00 621.1(076.1)+536.422 ხ-52 10643 2018-12-17 10643 2018-12-17 წიგნი 1 ლ. 20 თ.
          ტექნოლოგიური ფაკულტეტის ბიბლიოთეკა ტექნოლოგიური ფაკულტეტის ბიბლიოთეკა წიგნსაცავი 2018-12-17 1.00 621.1(076.1)+536.422 ხ-52 10644 2018-12-17 10644 2018-12-17 წიგნი 1 ლ. 20 თ.